Cryptography and network security (Record no. 12488)

000 -LEADER
fixed length control field 00438nam a22001577a 4500
020 ## - INTERNATIONAL STANDARD BOOK NUMBER
International Standard Book Number 9780070702080
082 ## - DEWEY DECIMAL CLASSIFICATION NUMBER
Classification number 005.8 FOR
100 ## - MAIN ENTRY--PERSONAL NAME
Personal name Forouzan, Behrouz A.
245 ## - TITLE STATEMENT
Title Cryptography and network security
250 ## - EDITION STATEMENT
Edition statement 2nd ed.
260 ## - PUBLICATION, DISTRIBUTION, ETC.
Place of publication, distribution, etc. New Delhi, India
Name of publisher, distributor, etc. McGraw Hill
Date of publication, distribution, etc. 2010
300 ## - PHYSICAL DESCRIPTION
Extent xxiv, 702 p.
Other physical details ill. ;
500 ## - GENERAL NOTE
General note Includes index.
650 ## - SUBJECT ADDED ENTRY--TOPICAL TERM
Topical term or geographic name entry element 1. Computer networks -- Security measures. 2. Cryptography.
942 ## - ADDED ENTRY ELEMENTS (KOHA)
Koha item type Book
Holdings
Withdrawn status Lost status Damaged status Not for loan Collection code Permanent Location Current Location Shelving location Date acquired Source of acquisition Cost, normal purchase price Total Checkouts Total Renewals Full call number Barcode Checked out Date last seen Date last checked out Price effective from Koha item type
          Central Library (CL) Central Library (CL) First Floor - Artificial Intelligence/Data Mining 12/27/2013 Multi-Line Books 744.25 5 1 005.8 FOR SEECS012895 11/19/2023 10/20/2023 10/20/2023 01/04/2014 Book
© 2023 Central Library, National University of Sciences and Technology. All Rights Reserved.